00000000cas 2200000zi 4500
0019.960547
003CaOODSP
00520260304093113
006m     o  d f      
007cr |||||||||||
008260304d19821983onc x m o    f0###|0fre|d
040 |aCaOODSP|bfre|erda|cCaOODSP
043 |an-cn---
0861 |aEn36-539F-PDF
1300 |aManuscrit inédit (Institut national de recherche sur les eaux (Canada))
24510|aManuscrit inédit / |cInstitut national de recherche sur les eaux.
264 1|aBurlington (Ont.) : |bNational Water Research Institute = Institut national de recherche sur les eaux, |c[1982-1983?]
310 |aIrrégulier
336 |atexte|btxt|2rdacontent/fre
337 |ainformatique|bc|2rdamedia/fre
338 |aressource en ligne|bcr|2rdacarrier/fre
500 |aÉdition numérisée de l’imprimé [par Environnement et Changement climatique Canada].
500 |aPublié aussi en anglais sous le titre : Unpublished manuscript (National Water Research Institute (Canada)).
588 |aDescription d'après : no. 78 (décembre 1982; étude H82 306).
650 6|aHydrologie|xRecherche|zCanada.
7102 |aInstitut national de recherche sur les eaux (Canada), |eorganisme de publication.
7101 |aCanada. |bEnvironnement Canada, |eorganisme de publication.
77508|tUnpublished manuscript / |w(CaOODSP)9.901451